[Event "5th Vergani Cup January 2021"]
[Site "Bassano del Grappa"]
[Date "2021.01.04"]
[Round "2.5"]
[White "Checa, Nicolas"]
[Black "Krasteva, Beloslava"]
[Result "1/2-1/2"]
[WhiteElo "2527"]
[BlackElo "2315"]
[Annotator "TA"]
[PlyCount "177"]
[EventDate "2021.01.03"]
[EventType "swiss"]
[EventCountry "ITA"]
[SourceTitle "playchess.com"]
[Source "ChessBase"]
[SourceQuality "1"]

{[%evp 10,177,13,14,6,0,11,11,7,9,10,0,25,27,24,16,20,14,14,14,14,10,22,0,20,6,8,6,6,6,8,5,8,0,0,0,0,0,0,0,0,0,0,0,8,0,0,0,0,0,3,0,0,0,6,6,7,6,12,0,0,0,0,0,0,-60,-60,-60,-60,-60,-67,-60,-60,-81,-56,-56,-56,-104,-104,-104,-104,-104,-104,-104,-104,-105,-104,-104,-104,-104,-104,-104,-104,-104,-104,-104,-104,-104,-104,-104,-104,-104,-104,-104,-104,-104,-104,-104,-104,-104,-104,-104,-104,-104,-104,-104,-104,-104,-104,-104,-60,-74,-8,-77,-77,-77,-74,-76,-45,-67,0,-75,0,-77,-76,-104,-77,-77,-77,-104,-104,-104,-104,-104,-104,-104,-104,-104,-104,-104,-8,-8,-8,-8,-8,-8,-8,-8,-8,-8,-8,-8,-8,-8,-8,-8,-8,-8,0,0]} 1. d4 Nf6 2. c4 e6 3. Nf3 d5 4. Nc3 dxc4 5. e3 a6 6. a4 b6 {D24: Queen's Gambit Accepted: 3 Nf3 Nf6 4 Nc3.} 7. Bxc4 Bb4 8. O-O O-O 9. Qe2 Bb7 10. Rd1 Nbd7 11. Bd3 Qe8 12. e4 e5 13. d5 c6 14. dxc6 Bxc6 {[#]} 15. Na2 $146 ({Predecessor:} 15. Bg5 h6 16. Bxf6 Nxf6 17. Na2 Bd6 18. Nc3 Bb4 19. Na2 Bc5 20. Nc3 Bb4 {½-½ (20) Petrosyan,T (2460)-Zhigalko,A (2562) Yerevan 2018}) 15... a5 16. Bb5 Nc5 17. Bxc6 Qxc6 {[%mdl 64] Double Attack} 18. Nxb4 axb4 19. Nxe5 Qxe4 20. Qxe4 Nfxe4 21. f3 Nb3 22. Rb1 Nec5 23. Bf4 Nxa4 24. Nc6 Rfe8 25. Nxb4 Re2 26. Rd3 Nac5 (26... Nbc5 {is interesting.} 27. Rd6 f6 28. Bg3 Nb7 29. Rd7 Nbc5) 27. Re3 Rxe3 28. Bxe3 Rd8 29. Kf2 Na4 30. Ke2 f6 31. Na2 Re8 32. Nc3 Nac5 33. Rd1 Na5 34. Kf2 {Black must now prevent b4.} Nc4 35. Bxc5 bxc5 $11 {[%mdl 4096] Endgame KRN-KRN} 36. Na4 Rb8 37. Nxc5 ({Better is} 37. Rc1 $11 Nxb2 38. Nxc5) 37... Rxb2+ $15 38. Kg3 {[#]} Rxg2+ $1 {[%mdl 64] Decoy} 39. Kxg2 Ne3+ {[%mdl 64] Double Attack} 40. Kg3 Nxd1 {KN-KN} 41. f4 Ne3 42. Kf3 Nf5 43. Kg4 g6 44. Ne4 Kf7 45. Kf3 Ke7 46. Kf2 Ng7 47. Ke2 Ke6 48. Kf2 Ne8 49. Kf3 Nd6 50. Nc5+ Kf5 51. Nb3 {[%cal Rb3d4] [#]} Nb5 52. h3 Ke6 53. Nc5+ Ke7 54. Ke3 Nd6 55. Kf3 Nf5 56. Kf2 Nd4 57. Ke3 Ne6 58. Ne4 Nc7 59. Nc5 Kd6 60. Ne4+ Ke6 61. Kf3 Nd5 62. Ng3 f5 63. Ne2 Kd6 64. Nd4 Kc5 65. Ne6+ {[#]} Kc4 (65... Kc6 $1 $17) 66. Nf8 (66. Ng5 $1 $11 {remains equal.}) 66... Nf6 $17 {And now ...Kd5 would win.} 67. Ne6 Kd3 68. Nf8 Kd2 (68... Kd4 $5 {[%cal Rd4d5]} 69. Ne6+ Kd5 $17) 69. Kf2 Kd3 {Strongly threatening ...Ke4.} 70. Kf3 Kc4 {aiming for ...Kd5.} 71. Ne6 Kd5 72. Nc7+ Kc6 73. Ne6 Kd6 74. Nd4 Kd5 75. Nb5 Ne8 76. Ke3 Kc4 77. Nd4 Nc7 {Hoping for ...Nd5+.} 78. Nc6 Nd5+ 79. Kf3 Kd3 ({Black should try} 79... Kc5 $17 80. Ne5 Kd6) 80. Ne5+ $1 $11 {The position is equal.} Kd2 81. Nd7 $1 Ke1 82. Nf8 Nf6 83. Ke3 Kf1 {...Kg2 is the strong threat.} 84. Kd4 Kg2 85. Ke5 Nh5 86. Nxh7 Kg3 87. Nf8 Nxf4 88. Nxg6 Nxh3 89. Kxf5 {Weighted Error Value: White=0.05/Black=0.02} 1/2-1/2

[Event "5th Vergani Cup January 2021"]
[Site "Bassano del Grappa"]
[Date "2021.01.04"]
[Round "2.6"]
[White "Yu, Jennifer"]
[Black "Bellahcene, Bilel"]
[Result "0-1"]
[WhiteElo "2315"]
[BlackElo "2510"]
[Annotator "TA"]
[PlyCount "76"]
[EventDate "2021.01.03"]
[EventType "swiss"]
[EventCountry "ITA"]
[SourceTitle "playchess.com"]
[Source "ChessBase"]
[SourceQuality "1"]

{[%evp 11,76,0,0,-23,-2,-8,-1,-14,-2,-28,-21,-149,-96,-83,-51,-54,-44,-52,-58,-58,-45,-62,-11,-20,-12,-2,-13,-14,-34,-39,0,-33,-26,-15,-39,-40,-4,-70,-14,-154,-149,-254,-210,-304,-307,-473,-312,-468,-336,-368,-362,-339,-330,-265,0,0,0,0,0,-662,-641,-634,-626,-29976,-29977,-29969,-29969]} 1. d4 e6 2. c4 b6 3. Nf3 Bb7 4. e3 Nf6 5. Bd3 d5 6. Nc3 Bd6 7. Qc2 {E14: Queen's Indian: Classical Variation (4 e3).} O-O 8. e4 dxe4 9. Nxe4 {The position is equal.} Bb4+ 10. Bd2 Bxd2+ {[#]} 11. Kxd2 $146 (11. Nexd2 $11 Na6 12. O-O) ({Predecessor:} 11. Nexd2 Nbd7 12. O-O c5 13. dxc5 Nxc5 14. Be2 Qe7 15. Rfe1 Nfe4 16. b4 Nxd2 17. Nxd2 {1-0 (44) Wilhelms,D (2158)-Rosa,J (1568) Goiania 2014}) 11... Nc6 (11... c5 $142 12. Ke2 Nbd7 13. Nxf6+ Nxf6 14. dxc5 bxc5) 12. Qc3 $17 Kh8 13. Rhe1 a5 $1 {[%cal Ba7a5,Ba5a4][%mdl 32]} 14. a3 a4 $1 15. Kc2 Na5 $1 16. Rad1 Nxe4 (16... Nb3 $15) 17. Bxe4 $11 Bxe4+ 18. Rxe4 Qf6 19. Rde1 Rad8 20. Kb1 c5 21. Qc2 Nb3 {[%cal Rc5d4]} 22. d5 exd5 23. cxd5 b5 24. Re5 ({White should try} 24. Rd1 $1 $11) 24... Qg6 (24... h6 $15) 25. Rf5 (25. Qxg6 $11 hxg6 26. Rd1) 25... f6 26. g3 (26. Rf4 $17) 26... Rfe8 $19 27. Rxe8+ (27. Rd1 {was necessary.}) 27... Qxe8 28. g4 (28. Rf4 $142) 28... h6 29. h4 (29. Qd3 $142 Rd7 30. d6) 29... Rd7 30. Ka2 {[#]} Re7 $1 {[%cal Re7e2]} 31. g5 Re2 32. Qb1 fxg5 ({Inferior is} 32... Rxf2 33. gxf6 gxf6 34. Rxf6 $11) (32... Qf7 $19 {White must now prevent ...b4.} 33. gxf6 gxf6) 33. hxg5 $11 c4 $36 {[%mdl 2048] Black is more active.} 34. gxh6 g6 {[#] Threatens to win with ...c3.} 35. Re5 $2 {[%mdl 8192]} Rxe5 $19 36. Nxe5 Qxe5 37. Qxg6 Nc1+ 38. Kb1 Nd3 {[%csl Gd3][%cal Re5b2][%mdl 64] Double Attack.  Weighted Error Value: White=0.87/Black=0.28} 0-1

[Event "5th Vergani Cup January 2021"]
[Site "Bassano del Grappa"]
[Date "2021.01.04"]
[Round "2.7"]
[White "Warmerdam, Max"]
[Black "Song, Julien"]
[Result "1-0"]
[WhiteElo "2506"]
[BlackElo "2306"]
[Annotator "TA"]
[PlyCount "31"]
[EventDate "2021.01.03"]
[EventType "swiss"]
[EventCountry "ITA"]
[SourceTitle "playchess.com"]
[Source "ChessBase"]
[SourceQuality "1"]

{[%evp 14,15,-1,-11]} 1. e4 e5 2. Nf3 Nc6 3. d4 exd4 4. Nxd4 Nf6 5. Nxc6 bxc6 6. e5 Qe7 7. Qe2 Nd5 8. h4 {[%mdl 32768] [#] Loss on time!? is now debated instead of 8.c4.} {Predecessor:} d6 $146 {C45: Scotch Game.} 9. c4 Nb6 10. exd6 cxd6 11. Nc3 Be6 12. b3 d5 13. cxd5 Nxd5 14. Bb2 Qb4 15. Qc4 Qxc4 16. Bxc4 {½-½ (51) Nepomniachtchi,I (2784)-Aronian,L (2781) chess24.com INT 2020} 1-0

[Event "5th Vergani Cup January 2021"]
[Site "Bassano del Grappa"]
[Date "2021.01.04"]
[Round "3.1"]
[White "Moroni, Luca Jr"]
[Black "Dardha, Daniel"]
[Result "1/2-1/2"]
[WhiteElo "2562"]
[BlackElo "2487"]
[Annotator "TA"]
[PlyCount "37"]
[EventDate "2021.01.03"]
[EventType "swiss"]
[EventCountry "ITA"]
[SourceTitle "playchess.com"]
[Source "ChessBase"]
[SourceQuality "1"]

{[%evp 17,37,18,13,16,23,-3,16,15,55,68,101,103,102,94,91,101,80,97,93,35,89,100]} 1. d4 Nf6 2. c4 e6 3. Nc3 Bb4 4. Nf3 O-O 5. Bg5 d5 6. e3 h6 7. Bxf6 Qxf6 8. Qb3 c5 9. cxd5 exd5 10. dxc5 {D38: Queen's Gambit Declined: Ragozin Defence (4 Nf3 Bb4).} ({Of course not} 10. Qxd5 Nc6 $15) 10... Bxc3+ 11. bxc3 Nd7 12. Nd4 {The position is equal.} Nxc5 13. Qxd5 b6 14. Qxa8 Bb7 15. Qxa7 Ra8 {[#]} 16. Qxa8+ Bxa8 17. f3 Qh4+ {[#]} 18. g3 (18. Ke2 $1 $16) 18... Qg5 {[#]} ({Better is} 18... Qe7 $1 $14 19. Kf2 Qf6) 19. Ke2 $146 {Weighted Error Value: White=0.12/Black=0.15} ({Predecessor:} 19. Kf2 Qf6 20. Kg2 g5 21. Be2 Qe5 22. e4 g4 23. Rab1 h5 24. Rxb6 Nxe4 25. Rb5 {0-1 (40) Cruz Lopez Claret,C (2265)-Mitkov,N (2505) San Sebastian 1993}) 1/2-1/2

[Event "5th Vergani Cup January 2021"]
[Site "Bassano del Grappa"]
[Date "2021.01.04"]
[Round "3.2"]
[White "Mendonca, Leon Luke"]
[Black "Sonis, Francesco"]
[Result "1/2-1/2"]
[WhiteElo "2516"]
[BlackElo "2483"]
[Annotator "TA"]
[PlyCount "75"]
[EventDate "2021.01.03"]
[EventType "swiss"]
[EventCountry "ITA"]
[SourceTitle "playchess.com"]
[Source "ChessBase"]
[SourceQuality "1"]

{[%evp 9,75,18,34,27,43,30,25,25,25,16,16,8,18,17,24,11,6,8,14,15,22,0,45,38,38,35,34,38,43,44,37,30,46,44,42,35,44,44,53,45,58,10,0,0,0,2,2,0,0,0,23,20,18,12,16,-25,-22,-65,0,0,0,-14,0,0,0,-5,0,0]} 1. d4 Nf6 2. c4 e6 3. Nf3 d5 4. Nc3 Bb4 5. Qb3 a5 6. Bg5 {D38: Queen's Gambit Declined: Ragozin Defence (4 Nf3 Bb4).} Nbd7 7. e3 {[%cal Rc4d5]} h6 {[#]} 8. Bxf6 $146 {White has an edge.} ({Predecessor:} 8. Bh4 c5 9. a3 Bxc3+ 10. bxc3 Qc7 11. cxd5 Nxd5 12. Bg3 Qb6 13. Qxb6 N5xb6 14. Bd6 cxd4 15. cxd4 {1-0 (29) Kaesemann,H (1723)-Arnz,T Hofheim 2019}) 8... Nxf6 9. Rc1 O-O 10. Bd3 dxc4 11. Bxc4 Nd5 12. a3 a4 13. Qc2 Bxc3+ 14. bxc3 Qd6 15. Qb2 b6 (15... b5 $5 {[%cal Rb5c4]} 16. Be2 (16. Bxb5 Rb8 $15) 16... Ba6 $11) 16. O-O Nf6 17. Be2 Bb7 18. Ne5 Nd7 19. Nxd7 Qxd7 20. c4 Rfb8 21. Rfd1 Qe7 22. d5 Rd8 23. Bf3 e5 24. e4 Ra5 25. c5 Rxc5 26. Rxc5 Qxc5 27. Qxe5 Ba6 28. h4 Bc4 29. Qc3 c6 30. d6 Bb3 31. Qxc5 bxc5 $11 {[%mdl 4096] Endgame KRB-KRB} 32. Rc1 {Black should prevent e5.} Rxd6 33. Rxc5 f6 (33... Rd2 $15) 34. e5 {The position is equal.} fxe5 35. Rxe5 Bd5 36. Bd1 Bb3 37. Bf3 Bd5 38. Bd1 {Weighted Error Value: White=0.07/Black=0.08} 1/2-1/2

[Event "5th Vergani Cup January 2021"]
[Site "Bassano del Grappa"]
[Date "2021.01.04"]
[Round "3.3"]
[White "Niemann, Hans Moke"]
[Black "Checa, Nicolas"]
[Result "1-0"]
[WhiteElo "2472"]
[BlackElo "2527"]
[Annotator "TA"]
[PlyCount "76"]
[EventDate "2021.01.03"]
[EventType "swiss"]
[EventCountry "ITA"]
[SourceTitle "playchess.com"]
[Source "ChessBase"]
[SourceQuality "1"]

{[%evp 10,76,37,35,54,51,62,41,52,19,44,55,94,-8,0,-47,-50,-47,-39,-55,-25,-39,-44,-60,-43,-58,0,-7,0,-6,0,0,0,0,32,43,102,111,132,132,139,131,132,131,217,217,449,449,426,445,454,472,466,458,439,419,456,454,1834,1835,1641,1438,1674,1082,1549,1347,1220,1247,2992]} 1. d4 d5 2. c4 c6 3. Nf3 Nf6 4. Nc3 a6 5. c5 Bf5 6. Qb3 Qc8 {6...Ra7 is more fashionable. D15: Slav Defence: 4 Nc3 a6 and gambit lines after 4 Nc3 dxc4.} 7. Nh4 Bg6 {[#]} 8. g4 $146 ({Predecessor:} 8. Na4 Nbd7 9. Bf4 e6 10. f3 Be7 11. g4 Bd8 12. O-O-O Bc7 13. Bg3 O-O 14. e3 {1-0 (38) Wang,Y (2729)-Bu,X (2710) Shenzhen 2015}) 8... e5 {White is slightly better.} 9. Na4 $1 {[%cal Ra4b6] aiming for Nb6.} (9. dxe5 Nfd7 $15) (9. Nxg6 hxg6 10. dxe5 Nfd7 $15) 9... Qc7 10. g5 Nfd7 11. dxe5 (11. Nxg6 $16 hxg6 12. e3) 11... Nxc5 12. Nxc5 (12. Qb6 $5 {[%cal Rb6c7]} Kd8 13. Qxc7+ Kxc7 14. Nxc5 Bxc5 15. Bf4 $11) 12... Bxc5 13. Bg2 Nd7 14. f4 Ba7 15. Qh3 O-O-O 16. Bd2 Qb6 17. O-O-O Qc5+ (17... Kb8 $15) 18. Qc3 $11 Qxc3+ 19. Bxc3 Be3+ 20. Bd2 Bxd2+ 21. Kxd2 Nc5 22. Rc1 Ne4+ {White stays focused until the end.} (22... Nd7 $14) 23. Ke3 $1 $16 Rhe8 24. Nxg6 hxg6 25. Bxe4 dxe4 26. Rcd1 ({Weaker is} 26. Kxe4 Rd2 $11) 26... Rxd1 (26... a5 $16 {might work better.} 27. h4 (27. Kxe4 Rh8 $16) 27... Rxd1 28. Rxd1 Kc7) 27. Rxd1 {[%mdl 4096] Endgame KR-KR} Rh8 {[#]} (27... a5 {keeps fighting.} 28. Kxe4 Rh8) 28. e6 $1 $18 fxe6 {[#]} 29. Rd6 $1 {[%cal Rd6e6]} Rh3+ 30. Kxe4 Rxh2 31. e3 Rxb2 32. Rxe6 Rxa2 33. Rxg6 {White is clearly winning.} a5 ({Inferior is} 33... Ra4+ 34. Kf3 $18) (33... b5 $142 34. Rxc6+ (34. Rxg7 b4 $16) 34... Kb7) 34. Rxg7 a4 35. g6 a3 36. Rg8+ Kd7 37. Ra8 Rg2 38. f5 Ke7 {Weighted Error Value: White=0.09/Black=0.31} 1-0

[Event "5th Vergani Cup January 2021"]
[Site "Bassano del Grappa"]
[Date "2021.01.04"]
[Round "3.4"]
[White "Bellahcene, Bilel"]
[Black "Lumachi, Gabriele"]
[Result "1-0"]
[WhiteElo "2510"]
[BlackElo "2297"]
[Annotator "TA"]
[PlyCount "147"]
[EventDate "2021.01.03"]
[EventType "swiss"]
[EventCountry "ITA"]
[SourceTitle "playchess.com"]
[Source "ChessBase"]
[SourceQuality "1"]

{[%evp 13,146,24,23,23,31,36,20,24,20,14,29,28,54,6,47,42,45,17,83,33,97,93,141,141,147,52,54,61,48,53,89,64,50,57,56,41,73,66,154,114,148,137,133,53,52,57,250,106,95,107,119,101,153,65,70,61,81,0,19,0,0,0,3,0,0,0,11,0,10,0,0,0,8,0,4,-8,-8,-8,14,23,191,199,200,196,189,156,183,146,205,195,197,154,139,89,101,81,103,102,87,88,66,87,50,55,348,246,348,348,12679,474,443,227,693,684,862,844,791,801,1374,1265,1885,1786,29981,29982,29987,29988,29990,29991,29995,29996,29996,0,29997,29998,29999]} 1. e4 e5 2. Nf3 Nc6 3. Bb5 a6 4. Ba4 Nf6 5. d3 b5 6. Bb3 Bc5 7. c3 $1 {[%mdl 4] is currently scoring better than 7.0-0.} d6 8. Bg5 {C77: Ruy Lopez: 3...a6 4 Ba4 Nf6, unusual lines.} Rb8 9. Nbd2 {[%cal Bb1d2,Bd2f1,Bf1e3][%mdl 32]} h6 10. Bh4 {The position is equal.} Bb6 11. Nf1 {[#]} g5 $146 ({Predecessor:} 11... Ne7 12. Bxf6 gxf6 13. Nh4 Be6 14. Qh5 Kd7 15. Ne3 Qg8 16. g3 Qg5 17. Qe2 a5 {1-0 (34) Carlsen,M (2876)-Firouzja,A (2702) chess24.com INT 2020}) 12. Bg3 Qe7 13. Qe2 Na5 14. Bc2 Nh5 15. Ne3 c6 (15... Bxe3 $11 {keeps the balance.} 16. fxe3 Nxg3 17. hxg3 c5) 16. O-O Nf4 (16... Nxg3 $14 17. hxg3 Bxe3 18. Qxe3 (18. fxe3 c5 $14) 18... c5) 17. Qd2 $16 h5 18. b4 Nb7 19. Rfe1 (19. d4 $16) 19... Bxe3 $14 20. Qxe3 h4 21. Bxf4 gxf4 22. Qd2 Bg4 23. Bd1 $1 Rg8 24. Kh1 h3 {And now ...hxg2+ would win.} 25. g3 Nd8 (25... Bxf3+ $14 26. Bxf3 Qf6) 26. Nh4 Bd7 27. d4 Qf6 28. Nf5 (28. Bf3 $16) 28... Bxf5 29. exf5 Kf8 $2 (29... Qxf5 $14 30. Qxf4 Qxf4 31. gxf4 Rg2) 30. Qd3 (30. dxe5 $18 {and the rest is easy.} dxe5 31. gxf4) 30... exd4 31. cxd4 c5 32. Bf3 (32. dxc5 {feels hotter.} dxc5 33. Bf3 fxg3 34. hxg3 c4 35. Qe4) 32... Qxd4 (32... c4 $142 33. Qe4 fxg3) 33. Qxd4 (33. Qe2 $1 $16 {[%cal Re2e7] Threatens to win with Qe7+.} fxg3 34. Qe7+ (34. fxg3 Qf6 $16) 34... Kg7 35. Qg5+ {[%mdl 64] Double Attack} (35. fxg3 Qf6 $11) 35... Kh7 36. Qh5+ {[%mdl 64] Double Attack} Kg7 37. fxg3) 33... cxd4 34. Rad1 Rg5 $1 35. Rxd4 (35. g4 $16) 35... fxg3 36. fxg3 Rxf5 37. Bg4 Rf6 38. Bxh3 Nc6 39. Rh4 Kg7 40. Rd1 Ne5 41. Rhd4 Rh8 42. Bg2 Nc4 43. h4 Rf2 44. Re1 Rxa2 45. Bd5 Rh6 46. Rf1 Rd2 $2 (46... f6 $11 {and Black is okay.}) 47. Rxf7+ $18 Kh8 48. Rxd2 Nxd2 {[%mdl 4096] Endgame KRB-KRN} 49. Kg2 Nc4 {White must now prevent ...Ne3+.} 50. Kh3 Rh5 (50... Ne3 $16 {was necessary.}) 51. Bf3 Re5 52. h5 d5 53. Bg4 Ne3 54. Rd7 Re4 55. Bf3 Rxb4 56. g4 ({Much worse is} 56. Bxd5 $6 Rd4 $11) 56... Rf4 57. Kg3 {[%mdl 1024] White has compensation.} Rf8 58. Be2 Kg8 $2 {[%mdl 8192] Black is now going downhill.} ({Better is} 58... Rg8 $14) 59. Bd3 b4 (59... Nd1 {was worth a try.} 60. Rxd5 Nb2) 60. h6 ({Not} 60. Bxa6 Rf7 $16) 60... b3 $2 (60... Nxg4 61. Kxg4 Ra8 62. Rxd5 Kh8) 61. Rb7 (61. g5 $142 Nf5+ 62. Kg4 Ne3+ 63. Kh5) 61... Nc4 62. Rxb3 (62. g5 $142 {Intending g6 and mate.} Nd6 63. Rxb3) 62... Re8 $2 (62... Ne5) 63. Kh4 a5 64. Rb5 Ne5 65. Bf5 Nf3+ 66. Kh5 $1 Nd4 67. Rxd5 Nxf5 68. Rxf5 {KR-KR} Ra8 69. g5 $1 a4 {[#]} 70. g6 $1 a3 {[#]} 71. h7+ $1 Kg7 72. Rf7+ Kh8 {intending ...a2.} 73. Kh6 {[%csl Gf7,Gh6][%cal Rg6g7]} a2 74. g7# {Weighted Error Value: White=0.18/Black=0.36} 1-0

[Event "5th Vergani Cup January 2021"]
[Site "Bassano del Grappa"]
[Date "2021.01.04"]
[Round "3.5"]
[White "Muetsch, Annmarie"]
[Black "Warmerdam, Max"]
[Result "0-1"]
[WhiteElo "2236"]
[BlackElo "2506"]
[Annotator "TA"]
[PlyCount "154"]
[EventDate "2021.01.03"]
[EventType "swiss"]
[EventCountry "ITA"]
[SourceTitle "playchess.com"]
[Source "ChessBase"]
[SourceQuality "1"]

{[%evp 11,154,0,0,0,6,0,12,0,27,0,0,0,-20,-19,0,0,0,0,102,88,68,40,63,68,49,65,57,58,41,64,83,0,0,0,106,106,106,109,117,118,121,143,156,149,129,129,129,81,120,0,60,0,0,0,0,0,0,0,0,0,0,0,0,0,0,0,0,0,0,0,0,0,0,0,0,0,0,0,0,0,0,0,0,0,0,0,0,0,0,0,0,0,0,0,0,0,0,0,0,0,0,0,0,0,0,0,0,0,0,0,0,0,0,0,0,0,0,0,0,0,0,0,0,0,0,0,0,0,0,0,0,0,0,0,0,0,0,-517,-516,-425,-375,-1064,-787,-29974,-29976]} 1. e4 e5 2. Nf3 Nc6 3. d4 exd4 4. Nxd4 Bc5 5. Nb3 Bb6 6. Nc3 Nf6 7. Qe2 {C45: Scotch Game.} O-O 8. Be3 d5 9. O-O-O {[%cal Rc3d5] The position is equal.} d4 {[#]} 10. Kb1 $146 ({Predecessor:} 10. Bg5 h6 11. Bh4 Qd6 12. Kb1 Qe6 13. Bxf6 Qxf6 14. Nd5 Qd6 15. c4 Ne5 16. Qc2 {½-½ (40) Forcen Esteban,D (2556)-Korneev,O (2517) Linares 2020}) 10... a5 (10... Be6 11. Bg5) 11. Nb5 {[%cal Rb5d4]} dxe3 12. Rxd8 Rxd8 13. f3 Be6 14. Nc1 Nd7 (14... Rd2 $11 {keeps the balance.} 15. Qe1 a4) 15. Qe1 $16 Nde5 16. Be2 Nc4 17. Bxc4 Bxc4 18. Nc3 Rd2 19. Nd1 $1 {[%cal Rd1e3]} Rxd1 20. Qxd1 {Hoping for f4.} Rd8 $1 {[%cal Rd8d1]} 21. Nd3 (21. Qe1 $1 $16) 21... h6 $1 $11 22. Qc1 Nb4 (22... Rxd3 $11 23. cxd3 Bxd3+ 24. Ka1 Nd4) 23. Nxb4 $16 axb4 24. Rd1 Rxd1 25. Qxd1 e2 {[%cal Re2d1]} 26. Qe1 {aiming for b3.} Be3 27. a3 ({Don't go for} 27. Qxb4 $2 Bf2 $1 $19) 27... c5 28. axb4 cxb4 29. g3 (29. Qxb4 $2 Bf2 $1 $19) 29... Bd4 30. Ka1 (30. Qxb4 $2 Bf2 $1 $19) ({Better is} 30. f4 $16) 30... b5 (30... g5 $11) 31. c3 ({Wrong is} 31. Qxb4 $2 Bf2 $19) (31. e5 $14) 31... bxc3 $11 32. bxc3 Be3 33. Kb2 Bd3 34. h4 Kf8 35. Kb3 Ke7 36. Kb4 Bc4 37. Ka3 Ke6 38. Kb2 Bd3 39. Kb3 g6 40. Kb4 Bc4 41. Ka3 Ke7 42. Kb2 Ke6 43. Kc2 Ke5 44. Kb2 Bd3 45. Kb3 f6 46. Kb4 Bc4 47. Ka3 $1 g5 48. hxg5 {Threatens to win with f4+.} hxg5 49. Kb2 $1 Bd3 50. Kb3 Bc4+ 51. Kc2 Kd6 52. Kb2 Bd3 53. Kb3 Kc6 54. Ka3 Kb6 (54... Kd7 {feels hotter.} 55. Kb2 Kd6) 55. Kb3 Bc5 56. Kb2 Kc6 57. Kb3 Be3 58. Ka3 Kd6 59. Kb3 Ke5 60. Kb2 g4 61. f4+ Ke6 62. Kb3 Kd6 63. Kb2 Kc6 64. Kb3 Kb6 65. Ka3 Kc5 66. Kb3 Kd6 67. Kb2 Ke6 68. Kb3 Bc5 69. Kb2 Bb6 70. Kb3 f5 71. e5 Bc5 72. Kb2 Kd5 {White must now prevent ...Ke4.} 73. Qh1+ $1 Kc4 {And now ...Be4 would win.} 74. e6 $2 {[%mdl 8192]} (74. Qe1 $11) 74... Be4 $19 75. Qe1 Kd3 76. Qb1+ $2 {[#]} (76. Qc1 Bc6 77. Qe1) 76... Ke3 $1 77. Qg1+ Kf3 {Black used his chance.  Weighted Error Value: White=0.08/Black=0.09} 0-1

[Event "5th Vergani Cup January 2021"]
[Site "Bassano del Grappa"]
[Date "2021.01.04"]
[Round "3.6"]
[White "Basso, Pier Luigi"]
[Black "Nguyen, Thai Dai Van"]
[Result "1/2-1/2"]
[WhiteElo "2561"]
[BlackElo "2571"]
[Annotator "TA"]
[PlyCount "53"]
[EventDate "2021.01.03"]
[EventType "swiss"]
[EventCountry "ITA"]
[SourceTitle "playchess.com"]
[Source "ChessBase"]
[SourceQuality "1"]

{[%evp 26,53,16,0,17,18,18,20,14,0,16,23,24,25,19,-1358,0,0,0,-45,0,-756,152,139,164,162,168,71,520,166]} 1. d4 Nf6 2. c4 e6 3. Nc3 Bb4 4. Qc2 O-O 5. Nf3 c5 6. dxc5 Na6 {[%cal Bb8a6,Ba6c5,Bc5e4][%mdl 32]} 7. g3 Nxc5 8. Bg2 Nce4 9. O-O Nxc3 10. bxc3 Be7 11. e4 d6 12. e5 dxe5 13. Nxe5 Qc7 14. Qe2 Nd7 {The modern move. E39: Nimzo-Indian: Classical: 4...c5 5 dxc5 0-0.} 15. Bf4 {[#] Ng6! is the strong threat.} Nxe5 16. Bxe5 Bd6 {The position is equal.} 17. Rfe1 Rb8 18. Rad1 Bxe5 19. Qxe5 Qxe5 {[#]} 20. Re3 $146 {[%mdl 8192] [#]} (20. Rxe5 $11 b6 21. c5) ({Predecessor:} 20. Rxe5 b6 21. c5 Ba6 22. c6 Rbc8 23. Bf3 Rc7 24. Rd4 Re8 25. a4 Kf8 26. Re1 {½-½ (36) Xiong,J (2712)-Caruana,F (2822) Wijk aan Zee 2020}) 20... Qe4 $2 21. Rxe4 $11 b6 22. Re5 f6 23. c5 $2 {[%mdl 8192]} b5 $2 (23... fxe5 $19 24. c6 Ba6) 24. Re3 $16 e5 25. Bd5+ Kh8 26. c4 (26. c6 $18) 26... Bb7 $2 {[%mdl 8192]} (26... Bf5 $16) 27. f4 $2 {Weighted Error Value: White=1.31/Black=1.37} (27. Bxb7 Rxb7 28. c6) 1/2-1/2

[Event "5th Vergani Cup January 2021"]
[Site "Bassano del Grappa"]
[Date "2021.01.04"]
[Round "3.7"]
[White "Di Benedetto, Edoardo"]
[Black "Horvath, Dominik"]
[Result "1/2-1/2"]
[WhiteElo "2386"]
[BlackElo "2446"]
[Annotator "TA"]
[PlyCount "78"]
[EventDate "2021.01.03"]
[EventType "swiss"]
[EventCountry "ITA"]
[SourceTitle "playchess.com"]
[Source "ChessBase"]
[SourceQuality "1"]

{[%evp 10,78,40,37,37,31,36,33,25,28,28,32,32,1,8,0,14,1,8,0,14,10,12,0,0,0,0,-11,-14,-42,-29,-52,-19,-17,-16,-17,-6,-23,-33,-22,-17,-29,-1,-22,-15,-15,-12,-12,-16,-16,0,0,0,0,0,0,0,0,0,0,0,0,0,0,0,0,0,-27,-27,-33,-11]} 1. d4 e6 2. c4 f5 3. Nf3 Nf6 4. g3 Be7 5. Bg2 d5 6. O-O Ne4 $1 {[%mdl 4] is recently more successful than 6...0-0. A92: Classical Dutch: Classical Stonewall (with ...Be7): Early deviations.} 7. Nc3 c6 8. Ne5 Nd7 {White is slightly better.} 9. Nxd7 Bxd7 10. Nxe4 fxe4 11. Qc2 Bf6 {[#]} 12. Be3 $146 ({Predecessor:} 12. e3 O-O 13. f3 exf3 14. Rxf3 Be8 15. Qb3 Bh5 16. Rf2 Qb6 17. Bd2 Bg6 18. Bb4 {0-1 (35) Reiss,G (2046)-Pirker,G (2071) Illmitz 2004}) 12... b5 13. cxb5 cxb5 14. f3 Rc8 15. Qd2 exf3 16. exf3 O-O 17. Rac1 Qb6 18. f4 Rc4 {[%cal Rf6d4]} 19. Rfd1 Rfc8 20. Rc3 b4 21. Rxc4 Rxc4 22. Bf1 Rc8 23. g4 g6 24. g5 Bg7 25. Be2 Ba4 26. b3 Bd7 27. Kg2 Qa5 28. Kf2 Bf8 29. Qb2 Bg7 30. Rc1 Rc3 31. Rxc3 bxc3 32. Qc2 Qc7 {[#] Threatens to win with ...Bxd4!} 33. Kg3 a5 34. h4 Be8 35. Bd3 Bf8 36. Qe2 a4 37. Bc2 axb3 38. axb3 Qb6 39. Bf2 Bf7 {Weighted Error Value: White=0.05/Black=0.05} 1/2-1/2